[Event "Huesca Province-ch"]
[Site "Sabinanigo"]
[Date "2016.11.26"]
[Round "7"]
[White "Pardina Baile, Martin"]
[Black "Perez Puyal, Jose Joaquin"]
[Result "0-1"]
[WhiteElo "1543"]
[BlackElo "1827"]
[PlyCount "108"]
[EventDate "2016.10.15"]
[EventType "swiss"]
[EventRounds "7"]
[EventCountry "ESP"]
[SourceTitle "EXT 2018"]
[Source "ChessBase"]
[SourceDate "2017.10.13"]
[SourceVersion "1"]
[SourceVersionDate "2017.10.13"]
[SourceQuality "1"]

1. e4 d6 2. d4 Nf6 3. Nc3 g6 4. Bd3 Bg7 5. Nge2 Nc6 6. a3 0-0 7. f3 Nd7 8. Be3 e5 9. Bc4 exd4 10. Nxd4 Nde5 11. Ba2 Nxd4 12. Bxd4 Qg5 13. Qe2 Nxf3+ 14. gxf3 Bxd4 15. Nd5 Qh4+ 16. Kd2 c6 17. Ne3 Bxb2 18. Rab1 Qf6 19. Qd3 Be5 20. Qe2 Be6 21. Bxe6 fxe6 22. Rxb7 Qxf3 23. Qxf3 Rxf3 24. Ke2 Rf4 25. Kd3 Rf7 26. Rhb1 Bxh2 27. Ng4 Bf4 28. Rxf7 Kxf7 29. Rb7+ Kf8 30. Rxh7 Rd8 31. Rh8+ Ke7 32. Rh7+ Kf8 33. Rh8+ Ke7 34. Rh7+ Ke8 35. Rh8+ Kd7 36. Rh7+ Kc8 37. Rxa7 Kb8 38. Rg7 g5 39. Re7 e5 40. Nf6 d5 41. Nd7+ Kc7 42. Nxe5+ Kd6 43. Ng6 Rg8 44. e5+ Bxe5 45. Nxe5 Kxe7 46. Nxc6+ Kd6 47. Nd4 g4 48. Nf5+ Ke5 49. Nh4 g3 50. Ng2 Ra8 51. Ke2 Rxa3 52. Kf1 Ke4 53. Ke2 d4 54. Kf1 Rf3+ 0-1